000 00452ntaaa2200181 4500
003 01
005 20251027201931.0
008 0714s1973 ag 01
040 _aAR-BaBN
_bspa
_cAR-BaBN
_eaacr
_dRIC
082 _a244.5000 C76
245 _aMás allá de la parábola
250 _a1 ed.
260 _aBuenos Aires :
_bConsejo Unido de Educación Cristiana,
_c1963
300 _a37 p.
500 _auna drama
650 _aDramatización
942 _cBK
999 _c14050
_d14050